Mine boy / (Record no. 7349)
[ view plain ]
| 000 -LEADER | |
|---|---|
| fixed length control field | 00460cam a2200169 4500 |
| 020 ## - INTERNATIONAL STANDARD BOOK NUMBER | |
| ISBN | 0435905627 |
| 022 ## - INTERNATIONAL STANDARD SERIAL NUMBER | |
| ISSN | 9780435905620 |
| 050 00 - CALL NUMBER | |
| Classification number | PZ3.A1576 |
| Item number | Mi7 |
| 100 1# - AUTHOR | |
| Personal name | Abrahams, Peter, |
| 245 10 - TITLE | |
| Title | Mine boy / |
| Statement of responsibility, etc | Peter Abrahams ; illustrated by Ruth Yudelowitz. |
| 260 ## - PUBLICATION INFORMATION | |
| Place of publication | Oxford, OX : |
| Name of publisher | Heinemann, |
| Year of publication | 1989. |
| 300 ## - DESCRIPTION | |
| Number of Pages | 184 p. : |
| Other physical details | ill. ; |
| Dimensions | 20 cm. |
| 440 #0 - SERIES | |
| SERIES | African writers series. |
| 650 #0 - SUBJECTS | |
| Topical Term | Gold mines and mining |
| 650 #0 - SUBJECTS | |
| Topical Term | Blacks |
| 942 ## - ADDED ENTRY ELEMENTS (KOHA) | |
| Koha item type | Books |
| Withdrawn status | Lost status | Collection code | Home library | Current library | Shelving location | Date acquired | Full call number | Accession Number | Koha item type |
|---|---|---|---|---|---|---|---|---|---|
| Reference | Methodist University Library Main | Methodist University Library Main | General Stacks | 05/03/2009 | PZ3.A1576 Mi7 | 18902 | Books | ||
| Methodist University Library Main | Methodist University Library Main | General Stacks | 05/03/2009 | PZ3.A1576 Mi7 | 18899 | Books | |||
| Methodist University Library Main | Methodist University Library Main | General Stacks | 05/03/2009 | PZ3.A1576 Mi7 | 18898 | Books | |||
| Methodist University Library Main | Methodist University Library Main | General Stacks | 05/03/2009 | PZ3.A1576 Mi7 | 37394 | Books | |||
| Methodist University Library Main | Methodist University Library Main | General Stacks | 05/03/2009 | PZ3.A1576 Mi7 | 37396 | Books |